LEADER 00735nam0-22002891i-450- 001 990003010840403321 035 $a000301084 035 $aFED01000301084 035 $a(Aleph)000301084FED01 035 $a000301084 100 $a20000920d1965----km-y0itay50------ba 101 0 $aita 102 $aIT 200 1 $aAnnuaire de l'Afrique du Nord 1964.. 210 $aParis$cCNRS$d1965. 215 $a968 p.$d25 m 300 $a[Anno III] 610 0 $aAfrica settentrionale 676 $aF/1.111 801 0$aIT$bUNINA$gRICA$2UNIMARC 901 $aBK 912 $a990003010840403321 952 $aF/1.111 ANN$b795/I$fSES 959 $aSES 996 $aAnnuaire de l'Afrique du Nord 1964.$9468016 997 $aUNINA DB $aING01 LEADER 01807nam 2200565 a 450 001 9910462919103321 005 20200520144314.0 010 $a0-87785-655-9 035 $a(CKB)2670000000417876 035 $a(EBL)3409076 035 $a(SSID)ssj0000949676 035 $a(PQKBManifestationID)11541316 035 $a(PQKBTitleCode)TC0000949676 035 $a(PQKBWorkID)11003437 035 $a(PQKB)10968050 035 $a(MiAaPQ)EBC3409076 035 $a(Au-PeEL)EBL3409076 035 $a(CaPaEBR)ebr10742108 035 $a(OCoLC)923421444 035 $a(EXLCZ)992670000000417876 100 $a20080722d2008 uy 0 101 0 $aeng 135 $aur|n|---||||| 181 $ctxt 182 $cc 183 $acr 200 10$aAfterlife$b[electronic resource] $ea guided tour of heaven and its wonders /$fEmanuel Swedenborg ; abridged and rearranged, Donald L. Rose, editor 205 $a2nd ed. 210 $aWest Chester, Pa. $cChrysalis Books/Swedenborg Foundation Publishers$dc2008 215 $a1 online resource (192 p.) 300 $aAbridged and rearranged edition of Heaven and hell. 311 $a0-87785-325-8 327 $apt. 1. The world of spirits and our state after death -- pt. 2. Heaven -- pt. 3. Hell. 606 $aFuture life$xChristianity 606 $aHeaven$xChristianity 606 $aHell$xChristianity 608 $aElectronic books. 615 0$aFuture life$xChristianity. 615 0$aHeaven$xChristianity. 615 0$aHell$xChristianity. 676 $a236/.24 700 $aSwedenborg$b Emanuel$f1688-1772.$0158864 701 $aRose$b Donald L$0201379 801 0$bMiAaPQ 801 1$bMiAaPQ 801 2$bMiAaPQ 906 $aBOOK 912 $a9910462919103321 996 $aAfterlife$92261908 997 $aUNINA